مكتبة جامعة عجلون الوطنية

فهرس بحث المكتبة

Normal view MARC view
  • المسدي، عبد السلام... وآخرون؛ مراجعة وتقديم صلاح جرار

Entry Personal Name

Number of records used in: 1

001 - CONTROL NUMBER

  • control field: 46242

003 - CONTROL NUMBER IDENTIFIER

  • control field: JO-AjAnu

005 - DATE AND TIME OF LATEST TRANSACTION

  • control field: 20230606081637.0

008 - FIXED-LENGTH DATA ELEMENTS

  • fixed length control field: 230606|| aca||aabn | a|a d

040 ## - CATALOGING SOURCE

  • Original cataloging agency: JO-AjAnu
  • Transcribing agency: JO-AjAnu

100 ## - HEADING--PERSONAL NAME

  • Personal name: المسدي، عبد السلام... وآخرون؛ مراجعة وتقديم صلاح جرار

670 ## - SOURCE DATA FOUND

  • Source citation: Work cat.: (JO-AjAnu)23670: المسدي، عبد السلام... وآخرون؛ مراجعة وتقديم صلاح جرار, author, اللغة العربية وهوية الأمة